| 000 | 00420nam a22001451a 4500 | ||
|---|---|---|---|
| 082 |
_aM3 _bKUN/M |
||
| 100 |
_aMadampu Kunjukkuttan _9106725 |
||
| 245 |
_aMahaprasthanam/ _cby Madampu Kunjukkuttan |
||
| 260 |
_aKottayam: _bSahitya Pravartaka Co-operative Society, _c1987. |
||
| 300 | _a252p. | ||
| 650 |
_aNovel Malayalam _9106726 |
||
| 650 |
_aLiterature Malayalam _9106727 |
||
| 650 |
_aLiterature _9106728 |
||
| 942 | _cBK | ||
| 999 |
_c26760 _d26760 |
||